Biggest sources of immigrants to Tennessee - Statistics

General Stats
  • This quiz has been taken 20 times
  • The average score is 8 of 10
Answer Stats
Hint Answer % Correct
13,785 China
100%
77,354 Mexico
100%
8,908 Germany
93%
9,430 United Kingdom
93%
22,036 India
86%
9,289 Vietnam
86%
11,519 Canada
79%
9,078 Korea
79%
9,645 El Salvador
71%
11,506 Philippines
57%
No matching quizzes found
Score Distribution
Percent of People with Each Score
Percentile by Number Answered
Your Score History
You have not taken this quiz